00173nam a2200073 4500082001400000245003300014260004500047300000700092 a546.6 TRA aTransition Metal Chemistry 2 aColombobThe Open University Pressc1976 a45